Регионална библиотека "Любен Каравелов" - Русе

Буквар за авторски права | Фокус върху правата (Запис номер 98832)

MARC детайли
000 -Лидер
Контролно поле с фиксирана дължина 01718nam a2200373 c 4500
003 - Код на организацията, давaща контролен номер
Контролно поле BLK
005 - Дата и час на последна редакция
Контролно поле 20240212161127.0
008 - Елементи от данни с фиксирана дължина
fixed length control field 180409b bul|||||r ||||||| ||bul||
010 ## - Наследен системен номер
LC control number KNG00103783000
040 ## - Източник на каталожния запис
Идентификатор на билиотеката - собственик на записа BLK
041 ## - Код за език
Код за езика на текст/звукозапис или на отделно заглавие Български
Код за езика КДБФ Български
080 ## - УДК
Текстов определител УДК Интелектуална собственост (право)
УДК код - определител по УДК 347.77/.78
УДК определител (035)
УДК - код + определител 347.77/.78(035)
139 ## - Редно поле
Редна дума Буквар за авторски права : Как да оцелеем в света
Авторски знак Бук - Б 85
245 10 - Сведения за заглавието
Заглавие Буквар за авторски права
Подзаглавни данни Как да оцелеем в света на интелектуалната собственост
Редно поле (дума) прев. на бълг. Мира Друмева; ред. Огняна Иванова.
245 10 - Сведения за заглавието
Заглавие Фокус върху правата
Подзаглавни данни Осн. ръководство за купуване и продаване на прев. права
Редно поле (дума)
257 ## - Страна на издаване
Страна на създаване/издаване Съединени американски щати
260 ## - Област на издателските данни
-- София
Име на издателя, разпространителя и проч. Посолство на САЩ
Година на издаване 2002
300 ## - Физическа характеристика
Страници 167 с.
Размери/Мащаб 20 см
380 ## - Жанр
Жанр Обществени науки
500 ## - Общи забележки
Забележка Офс. изд. - Съдържа и Речник.
650 #4 - Допълнително описание по предмет – тема
Основно описание – тема или топоним Авторско право - наръчници и ръководства
9 (RLIN) 253332
650 #4 - Допълнително описание по предмет – тема
Основно описание – тема или топоним Интелектуална собственост
9 (RLIN) 270182
653 ## - Ключова дума – ненормативна
Ключова дума авторско право
653 ## - Ключова дума – ненормативна
Ключова дума интелектуална собственост
653 ## - Ключова дума – ненормативна
Ключова дума ръководства
700 1# - Други автори (авторска отговорност)
Лично име Друмева, Мира
Автороска отговорност (Описва отношението между автора и произведението) прев. на бълг.
9 (RLIN) 307813
700 ## - Други автори (авторска отговорност)
Лично име Иванова, Огняна Начева
Дати, свързани с автора 1947-
9 (RLIN) 369792
852 ## - Местоположение
Форматна сигнатура Цб 212961
856 4# - Електронен адрес и достъп
Електронен формат pdf - файл
Път до файла /url/
856 4# - Електронен адрес и достъп
Електронен формат pdf - файл
Път до файла /url/
942 ## - АРТИКУЛИ
Вид на библиотечния материал Книги
Скрит в OPAC Не
Koha issues (borrowed), all copies 2
944 ## - СЪЗДАВАНЕ И РЕДАКЦИЯ на ЗАПИСА
Създаване/Редакция Създаване
Дата на регистрацията/редакция 01.01.2002
Служител, извършил регистрацията/редакцията 30564
Статус, дата на статуса Галина Якимова
944 ## - СЪЗДАВАНЕ И РЕДАКЦИЯ на ЗАПИСА
Създаване/Редакция Редакция
Дата на регистрацията/редакция 20.10.2006
Служител, извършил регистрацията/редакцията
999 ## - СИСТЕМНИ КОНТРОЛНИ НОМЕРА
Koha biblionumber 98832
Koha biblioitemnumber 98832
Наличности
Код за отписване Код за изгубен артикул Код за повреда Коз за рестрикции Код за отдаване Артикулен № Име на библиотеката - собственик Име на библиотеката, в която се намира в момента Статус (Текущо местоположение) Дата на вписване в системата Местоположение - отдел Цена в лева Инвентарен номер Систематично азбучна сигнатура Баркод Номер на екземпляра Цена в евро Служебна бележка Служебен тип на артикула Източник на класификационната схема
  Не е изгубен Не е повреден без рестрикции ползва се в читалня 159060 Регионална библиотека "Любен Каравелов" Русе Регионална библиотека "Любен Каравелов" Русе Хранилище 2002-10-16 Основен фонд - ползва се само за читалня 8.00 120000672957 Цб 212961 120000672957 1 4.09 Дост: DA Вид: А N: 40 Дата: 16.10.2002 Книги  
  Не е изгубен Не е повреден без рестрикции заемане за дома 159061 Регионална библиотека "Любен Каравелов" Русе Регионална библиотека "Любен Каравелов" Русе Заемна - подръчен фонд 2002-10-16 Заемна - подръчен фонд 8.00 120000672958 П 347.7/Б 85 120000672958 2 4.09 Дост: DA Вид: А N: 40 Дата: 16.10.2002 Дата инв: 07.02.2018 Бележки инв: П2018 Книги  
Изтеглен Не е изгубен Не е повреден без рестрикции заемане за дома 159062 Регионална библиотека "Любен Каравелов" Русе Регионална библиотека "Любен Каравелов" Русе Заемна - подръчен фонд 2002-10-16 Заемна - подръчен фонд 8.00 120000672959 П 347.7/Б 85 120000672959 3 4.09 Дост: DA Вид: А N: 40 Дата: 16.10.2002 Книги Universal Decimal Classification
  Не е изгубен Не е повреден без рестрикции ползва се в читалня 159063 Регионална библиотека "Любен Каравелов" Русе Регионална библиотека "Любен Каравелов" Русе Читалня 2002-10-16 Читалня 8.00 120000672960 Ч 347/Б 85 120000672960 4 4.09 Дост: DA Вид: А N: 40 Дата: 16.10.2002 Дата инв: 14.03.2017 Бележки инв: Ч2017 Книги  
Vip Innovations Ltd, Rousse, Bulgaria 2025